| 000 | 00504cam a2200193 4500 | ||
|---|---|---|---|
| 008 | 020917n2001 000 0 eng u | ||
| 020 | _a1860815235 | ||
| 035 | _a(Sirsi) u119709 | ||
| 050 | _a690.12 | ||
| 100 | _aDe Vekey, R. | ||
| 245 | _aCorrosion of metal components in walls | ||
| 260 |
_aLondon _bCRC _c2001 |
||
| 300 |
_a8p. _bill. _c2001 |
||
| 490 |
_aBRE Digest _v461 |
||
| 650 | _aCAVITY WALL TIES | ||
| 650 | _aCORROSION | ||
| 690 | _aBUILT ENVIRONMENT-BUILDING MATERIALS | ||
| 942 | _n0 | ||
| 999 |
_c102364 _d102364 |
||